| 000 | 00682nam a2200205Ii 4500 | ||
|---|---|---|---|
| 003 | JO-AjNU | ||
| 008 | 230605s9999||||xx |||||||||||||| ||und|| | ||
| 017 | _a2008/11/2985 | ||
| 040 |
_aJO-AjNU _bara _erda _cJO-AjNU |
||
| 041 | _aara | ||
| 050 | 1 | 4 | _aDS153.8.U22 2008 |
| 100 | 3 |
_aتاليف عبيدات، سهم إبراهيم, _eauthor _948512 |
|
| 245 | 0 | 0 | _aتاريخ وكفاءات في منطقة الكفارات |
| 264 | 3 | 1 | _aعمان: المؤلف، 2008 |
| 300 |
_a407ص _bصور توضيحية |
||
| 336 |
_atext _btxt _2rdacontent |
||
| 337 |
_aunmediated _bn _2rdamedia |
||
| 338 |
_avolume _bnc _2rdacarrier |
||
| 650 | 4 |
_aالاردن- اربد- تاريخ _948513 |
|
| 999 |
_aA21250 _c24818 _d24818 |
||